000 00850nam a2200229 a 4500
001 000042996
005 20201002040547.0
008 140217s1988 nyuab 000 0 spa d
020 _a0020973306
040 _aDO-SdBNP
_bspa
_cBNPHU
082 _axxxx
_bxxxx
245 0 0 _aThe traveler's atlas, France /
_cDirector, Pierre Cabanne ; photographs by Hervé Bordas and Philippe Houdebine ; translated by Michael Jacobson and Gela Jacobson in collaboration with Ruth Hemingway.
260 _aNew York :
_bCollier Books,
_c1988.
300 _a1 atlas (416 p.) :
_bils. maps. ;
_c26 cm.
500 _aLa France.
700 1 2 _aCabanne, Pierre
_970509
700 1 2 _aBordas, Hervé
_970510
700 1 2 _aHoudebine, Philippe
_970511
700 1 2 _aJacobson, Michael,
_etr.
_970512
700 1 2 _aJacobson, Gela,
_etr.
_970513
700 1 2 _aHemingway, Ruth
_970514
999 _c42485
_d42485